| 000 | 01129nam a2200229Ia 4500 | ||
|---|---|---|---|
| 001 | 11444 | ||
| 003 | GE_BSU | ||
| 008 | 181216s||||||||xx |||||||||||||| ||und|| | ||
| 040 | _cGE_BSU | ||
| 080 | _a630.232+631.53.044 | ||
| 100 | _aლისენკო,ვ.დ. | ||
| 245 | _aაგრობიოლოგია. | ||
| 245 | _bშრომები გენეტიკის,სელექციისა და მეთესლეობის საკითხებზე. | ||
| 245 | _cრედ:ნ.ანთაძე; ე.ვასაძე; ნ.მელითაური; ნ.ცომაია. თარგმ. მე-4 შევსებ.გამოცემიდან დ.აგლაძის მიერ. | ||
| 260 | _aთბილისი. | ||
| 260 | _bსახელგამი. | ||
| 260 | _c1950 | ||
| 300 | _a851გვ;23სმ. | ||
| 300 | _b1ფ.პორტრ. | ||
| 653 | _aაგრობიოლოგია.შრომები გენეტიკის,სელექციისა და მეთესლეობის საკითხებზე. | ||
| 942 | _cBK | ||
| 999 |
_c44641 _d44641 |
||